'Don't Lift Your Pencil' Puzzle Quiz Stats

Quiz Updated Jun 6, 2017

Challenge
Share
Tweet
Score 0/7 Timer 04:00
1 Play Today
% Correct
Unicursal shape
86.1%
Unicursal shape
75.4%
Unicursal shape
69.7%
Unicursal shape
69.7%
Unicursal shape
64.6%
Unicursal shape
64.5%
Unicursal shape
50.3%

You're not logged in!

Compare scores with friends on all Sporcle quizzes.
Sign Up with Email
OR
Log In

You Might Also Like...

Show Comments

Extras

Top Quizzes Today


Score Distribution

Your Account Isn't Verified!

In order to create a playlist on Sporcle, you need to verify the email address you used during registration. Go to your Sporcle Settings to finish the process.